Metal Cutting Principles / (Record no. 1040)
[ view plain ]
| 000 -LEADER | |
|---|---|
| fixed length control field | 00556nac a22001691u 4500 |
| 008 - FIXED-LENGTH DATA ELEMENTS--GENERAL INFORMATION | |
| fixed length control field | 100906t2003 ii |||||r|||| 001 0 eng d |
| 020 ## - INTERNATIONAL STANDARD BOOK NUMBER | |
| International Standard Book Number | 8123901364 |
| 082 ## - DEWEY DECIMAL CLASSIFICATION NUMBER | |
| Classification number | 621.93 |
| Item number | SHA |
| Edition number | 22 |
| 100 ## - MAIN ENTRY--PERSONAL NAME | |
| Personal name | Shaw, M.C. |
| 9 (RLIN) | 18198 |
| 245 ## - TITLE STATEMENT | |
| Title | Metal Cutting Principles / |
| Statement of responsibility, etc | Milton C. Shaw. |
| 260 ## - PUBLICATION, DISTRIBUTION, ETC. (IMPRINT) | |
| Place of publication, distribution, etc | New Delhi : |
| Name of publisher, distributor, etc | CBS Publishers and Distributors, |
| Date of publication, distribution, etc | 2003. |
| 300 ## - PHYSICAL DESCRIPTION | |
| Extent | 594 p. : |
| Other physical details | ill. ; |
| Dimensions | 24 cm. |
| 490 ## - Series Statement | |
| -- | 18197 |
| Series statement | Oxford Series on Advanced Manufacturing |
| 500 ## - GENERAL NOTE | |
| General note | Includes index. |
| 650 ## - SUBJECT ADDED ENTRY--TOPICAL TERM | |
| Topical term or geographic name as entry element | Metal-cutting. |
| 9 (RLIN) | 18199 |
| 942 ## - ADDED ENTRY ELEMENTS (KOHA) | |
| Item type | Book - Borrowing |
| Call number prefix | 621.93SHA |
| Source of classification or shelving scheme | Dewey Decimal Classification |
| Withdrawn status | Item status | Source of classification or shelving scheme | Damaged status | Not for loan | Vendor | Home library | Current library | Shelving location | Date acquired | Source of acquisition | Total Checkouts | Full call number | Barcode | Date last seen | Koha item type |
|---|---|---|---|---|---|---|---|---|---|---|---|---|---|---|---|
| Dewey Decimal Classification | Central Library | Central Library | First floor | 06/09/2010 | 1 | 621.93 SHA | 000003458 | 15/07/2025 | Book - Borrowing |